| 000 | 005390000a22002170004500 | ||
|---|---|---|---|
| 003 | LK-CoMWRAF | ||
| 005 | 20230915191120.0 | ||
| 008 | 230817t1994 ||||| |||| 00| 0 eng d | ||
| 020 | _a0812018532 | ||
| 040 |
_aLK-CoMWRAF _dLK-CoMWRAF _eLK-CoMWRAF |
||
| 041 | _aeng | ||
| 082 |
_a297 _bFAR |
||
| 100 | _aFarah, Caesar E. | ||
| 245 |
_aIslam : _bBeliefs and observances |
||
| 250 | _a5th Edition | ||
| 260 |
_aNew York : _bBarron's, _c1994 |
||
| 300 | _a225p | ||
| 650 | _aIslam-Belief | ||
| 653 | _aIslam-Observations | ||
| 942 | _cBK | ||
| 999 |
_c1551 _d1551 |
||